Представление документа в формате RUSMARC

ПолеНазваниеЗначение
  Тип записи a
  Библиографический уровень c
001 Контрольный номер RU/SLIB/B/208774876
005 Дата корректировки 20201206204317.5
010 Индекс ISBN __
d Цена 0-25
101 Язык документа 0_
a Язык текста rus
200 Заглавие и сведения об ответственности 1_
a Заглавие Очерки и воспоминания
f Первые сведения об ответственности М. Горький ; предисл. И. Вайнберга
b Общее обозначение материала Текст
210 Выходные данные __
a Место издания М.
c Издательство Совет. Россия
d Дата издания 1978
215 Физическое описание __
a Объем 142 с.
600 Персоналии __
a Персоналии (Фамилия) Чехов, А. П.
600 Персоналии __
a Персоналии (Фамилия) Толстой, Л. Н.
600 Персоналии __
a Персоналии (Фамилия) Короленко, В. Г.
600 Персоналии __
a Персоналии (Фамилия) Ленин, В. И.
606 Тематические рубрики __
a Основная рубрика Художественная литература
z Хронологическая подрубрика 20 в.
y Географическая подрубрика Россия
606 Тематические рубрики __
a Основная рубрика Русская литература XX в. (произведения)
610 Ключевые слова __
a Ключевые слова очерки; воспоминания
686 Индексы других классификаций __
a Классификационный индекс 84(2Рос=Рус)6-4
700 Автор _1
a Фамилия Горький
b Имя М.
c Титул (звания) Пешков А. М.
g Полное личное имя Максим
4 Код отношения 070
702 Вторичная интеллектуальная ответственность _1
a Фамилия Вайнберг
b Имя И.
4 Код отношения Автор предисловия и т.д.
4 Код отношения 080
801 Источник записи _0
a Страна RU
b Организация Муниципальное бюджетное учреждение культуры "Централизованная библиотечная система" г. Сургут (Центральная городская библиотека им. А. С. Пушкина)
g Правила каталогизации КиК/Михайлова
801 Источник записи _1
a Страна RU
b Организация Муниципальное бюджетное учреждение культуры "Централизованная библиотечная система" г. Сургут (Центральная городская библиотека им. А. С. Пушкина)
g Правила каталогизации КиК/Михайлова
852 Данные о местонахождении __
j Шифр хранения 84(2Рос=Рус)6-4
i Авторский знак Г 71
p Инвентарный номер 113404(с)
901 Тип документа __
t Тип документа x
969 Тип издания __
a Тип издания сборник
990 Данные о заказе (DOS) __
j Количество экземпляров (DOS) 1
t N записи в КСУ для И/У (DOS) ретро